| 000 | 00873nam a2200241 a 4500 | ||
|---|---|---|---|
| 001 | 000024878 | ||
| 005 | 20260114113658.0 | ||
| 008 | 100712s1994 mx 000 | spa d | ||
| 020 | _a970050574X | ||
| 040 |
_aDO-SdBNP _bspa _cBNPHU |
||
| 041 | 1 | 7 |
_aeng _hspa _2Código de idioma MARC |
| 082 |
_a158.2 _bG778h |
||
| 100 | 1 |
_aGray, John _951059 |
|
| 240 | 1 | 0 |
_aMen are from Mars, women are from Venus. _lEspañol |
| 245 | 1 | 4 |
_aLos Hombres son de Marte, las mujeres son de Venus : _bguía para mejorar la relación con su pareja / _cJohn Gray ; traducción: Ramón Alonso. |
| 260 |
_aMéxico, D. F. : _bEditorial Grijalbo, _c1994. |
||
| 300 |
_a369 p. ; _c19 cm. |
||
| 534 |
_aTítulo original : _tMen are from Mars, women are from Venus. |
||
| 650 | 0 |
_aParejas _9802 |
|
| 650 | 4 |
_aIntimidad (psicología) _935046 |
|
| 700 | 1 |
_aAlonso, Ramón _etr. _911617 |
|
| 049 | _aBNGR | ||
| 999 |
_c24371 _d24371 |
||